000 00607nam a2200181 i 4500
001 bg
100 1 _aDziopak, Józef
_d(1947- ).
245 0 _aModel matematyczny zbiornika retencyjnego kanalizacji deszczowej /
_cJ. Dziopak.
260 _aKraków,
_c1984.
490 1 _aMonografia / Politechnika Krakowska im. Tadeusza Kościuszki,
_x0860-097X ;
_v31
650 9 _aKanalizacja
_xteoria
830 0 _aMonografia (Politechnika Krakowska im. Tadeusza Kościuszki) ;
_v31
040 _cBPK
041 _apol
080 _a628.1/.2:681.322.004:51
942 _cKS
008 s pl f |000 0 pol
999 _c23309
_d23309
856 _uhttp://koha.tu.koszalin.pl/cgi-bin/koha/opac-detail.pl?biblionumber=23309
_yKatalog online BPK